000 00474nam a2200193Ia 4500
008 101110s9999 xx 000 0 und d
041 _aMARATHI
082 _bJR1939
100 _aJoshi V.A., Gosavi A.G.
245 _aChitanisacha Vyavsay Std.XII
365 _b17.75
520 _aCommerce
546 _aMARATHI
630 _aChitanisacha Vyavsay Std.XII
650 _aCommerce
655 _aCommerce
730 _aChitanisacha Vyavsay Std.XII
942 _cBOOK
999 _c793964
_d793961